000 00417pam a2200157a 44500
008 230515b2000 xxu||||| |||| 00| 0 eng d
020 _a978-0-443-06005-3
041 _aENGLISH
082 _a613.2
100 _aHAMILTON HELEN
245 _aTOTAL PARENTERAL NUTRITION [A PRACTICAL GUIDE FOR NURSES]
250 _a1
260 _a
_bCHURCHILL LIVINGSTONE ELSEVIER.
_c2000
300 _a245
650 _aNUTRITION
999 _c506514
_d506514